000
00219 a2200097 4500
001
14862
100
_a
Winstedt
245
_a
Malaya and its history
260
_a
New York
_b
Hutchinson Univ lib
_c
090
_c
11632
_d
11632
942
_a
NUST-CAE
_c
M
_c
1817
999
_c
249935
_d
249935